A textbook of graph theory

I tiakina i:
Ngā taipitopito rārangi puna kōrero
Ngā kaituhi matua: Balakrishnan, R (Author), Ranganathan, K (Author)
Hōputu: Pukapuka
Reo:Ingarihi
I whakaputaina: Nueva York Springer 1999
Rangatū:Universitext
Ngā marau:
Ngā Tūtohu: Tāpirihia he Tūtohu
Kāore He Tūtohu, Me noho koe te mea tuatahi ki te tūtohu i tēnei pūkete!

MARC

LEADER 00000nam a2200000 a 4500
001 UCO7144
003 CL-VaPUC
008 001110e19990000US |||||||||||||||||eng|d
082 0 4 |a 511.5  |b BAL  |2 21 
100 0 |a Balakrishnan, R  |e author  |9 451854 
700 0 |a Ranganathan, K  |e author  |9 451855 
245 1 2 |a A textbook of graph theory 
300 |a 227 p 
942 |c BK 
945 |d 20001110 00:00:00  |a vberengu 
260 |a Nueva York  |b Springer  |c 1999 
650 7 |a CONECTIVIDAD  |2 CL-VaPUC  |9 425275 
650 0 |a Grafos  |9 344754 
650 0 |a Teoría de grafos  |9 269886 
583 |a last modification  |c 20001110 00:00:00  |k Rodrigo Vera 
490 0 |a Universitext 
999 |c 292343  |d 292341 
952 |0 0  |1 0  |4 0  |6 511_500000000000000_BAL_1999  |7 0  |8 A  |9 343140  |a BIBMAT  |b BIBMAT  |d 2019-11-20  |i 3662292  |o 511.5 BAL 1999  |p 3662292  |r 2025-01-07  |w 2019-11-20  |y BK  |k MAT